Manking's children: the story of UNICEF (Record no. 368065)

000 -LEADER
fixed length control field 00482cam a22001457a 4500
008 - FIXED-LENGTH DATA ELEMENTS--GENERAL INFORMATION
fixed length control field 180718b1959 xxu||||| |||| 00| 0 eng d
082 ## - DEWEY DECIMAL CLASSIFICATION NUMBER
Classification number Q43 H363m
100 ## - MAIN ENTRY--PERSONAL NAME
Personal name Heilbroner, Robert L.
245 ## - TITLE STATEMENT
Title Manking's children: the story of UNICEF
Statement of responsibility, etc. by Robert L. Heilbroner
260 ## - PUBLICATION, DISTRIBUTION, ETC.
Place of publication, distribution, etc. New York
Name of publisher, distributor, etc. Public Affairs Committee
Date of publication, distribution, etc. 1959
300 ## - PHYSICAL DESCRIPTION
Extent 20p.
440 ## - SERIES STATEMENT/ADDED ENTRY--TITLE
Title Public Affairs Pamphlet, No.279
650 ## - SUBJECT ADDED ENTRY--TOPICAL TERM
Topical term or geographic name entry element United National International Children's Emergency Fund
650 ## - SUBJECT ADDED ENTRY--TOPICAL TERM
Topical term or geographic name entry element Child Welfare
Holdings
Withdrawn status Lost status Damaged status Not for loan Permanent Location Current Location Date acquired Full call number Barcode Date last seen Price effective from Koha item type
        Indian Institute of Public Administration Indian Institute of Public Administration 1994-05-19 Q43 H363m 19235 2018-07-21 2018-07-21 Book

Powered by Koha